Obrazová príručka prežiť : [333 zručností, ktoré vám umožnia prežiť] /

Uložené v:
Podrobná bibliografia
Hlavní autori: Johnson, Richard, James, Robert F. (Author)
Ďalší autori: Lukáč, Martin (Translator)
Médium: Kniha
Jazyk:Slovak
English
Vydané: Bratislava : Svojtka & Co., 2012.
Vydanie:1. slov. vyd.
Témy:
ISBN: 9788081075957 (brož.)
Fyzický popis: [256] s. : fotogr., il. ; 25 cm.
Tagy: Pridať tag
Žiadne tagy, Buďte prvý kto otaguje tento záznam!

MARC

LEADER 00000 am a2200000 a 4500
001 000418421
005 20130911111838.0
008 130404s2012 xo ao e 001 0 slo d
020 |a 9788081075957 (brož.) 
040 |a SVKKK  |b slo  |c SVKKK  |e AACR2 
041 1 |a slo  |h eng 
044 |a xo  |c SK 
072 7 |a 614.8  |x Úrazy a ich prevencia  |2 konspekt 
080 |a 614.87  |2 2001 
080 |a 502.2-022.18  |2 2001 
080 |a 796.54  |2 2001 
080 |a 379.82/.84  |2 2001 
080 |a 364.6-022.258  |2 2001 
080 |a 351.78:614.8  |2 2001 
080 |a (035)  |2 2001 
100 1 |a Johnson, Richard 
240 1 4 |a The ultimate survival manual.  |l Slovensky 
245 1 0 |a Obrazová príručka prežiť :  |b [333 zručností, ktoré vám umožnia prežiť] /  |c Richard Johnson, editori časopisu Outdoor Life a Robert F. James ; [preklad Martin Lukáč]. 
246 3 3 |a Outdoor Life obrazová príručka prežiť 
246 3 3 |a Prežiť 
246 3 8 |a Obrazová príručka - prežiť 
250 |a 1. slov. vyd. 
260 |a Bratislava :  |b Svojtka & Co.,  |c 2012. 
300 |a [256] s. :  |b fotogr., il. ;  |c 25 cm. 
500 |a Preklad z angl. orig. 
500 |a Údaj o prekl. prevzatý z tiráže 
500 |a Fotogr. na rozlož. titul. strane 
504 |a Register 
521 4 |a Inf. v tejto knihe sú určené len dospelým čitateľom 
650 0 7 |a prežitie  |2 SVKKKPH 
650 0 7 |a extrémne životné podmienky  |2 SVKKKPH 
650 0 7 |a táborenie  |2 SVKKKPH 
650 0 7 |a zručnosti a znalosti  |2 SVKKKPH 
650 0 7 |a krízové situácie  |2 SVKKKPH 
650 0 7 |a osobná bezpečnosť  |2 SVKKKPH 
655 7 |a príručky  |2 SVKKKPH 
700 1 |a James, Robert F.  |4 aut 
700 1 |a Lukáč, Martin  |4 trl 
765 0 |t Ultimate survival manual. Slovensky  |a Johnson, Richard 
910 |a svkkk 
919 |a 978-80-8107-595-7 
998 |a BK 
090 |g SCKHL  |k Sklad Hlavná 10 prízemie  |a IV.217704  |j 1046087  |i 2720296533  |s Absenčne